01064nab a22001937a 4500003000400000005001700004008004100021040000700062100002700069245008900096260007300185300001300258500004500271505027500316505009000591650002100681650002800702773014000730OSt20250909102153.0190604e xxu||||| |||| 00| 0 spa d cPJ aBalbín, A. Nicolás13aNueva reforma a la pensión no contributiva por invalidez /cA. Nicolás Balbín. aCiudad Autónoma de Buenos Aires :bThomson Reuters La Ley, c2025. ap. 50-56 aCita Online: TR LALEY AR/DOC/2985/2024.  aSumario: I. Introducción.— II. La seguridad social, junto a la invalidez en el cuadro de las contingencias cubiertas.— III. El sistema general del dec. 843/2024.— IV. Los impactos de la reforma en orden al sistema precedente y su crítica.— V. Conclusiones.  t¿Te interesa el texto completo? Solicitalo al correo: koha@justierradelfuego.gov.ar  0aSEGURIDAD SOCIAL 0aPENSIÓN POR INVALIDEZ0 02714dCiudad Autónoma de Buenos Aires : Thomson Reuters La Ley, 2014-tRevista anales de legislación argentina. Nº 4 - Abril 2025.